Металлогения: учебник

Dades bibliogràfiques
Autor principal: Старостин В. И. Виктор Иванович
Autor corporatiu: Московский государственный университет им. М. В. Ломоносова (МГУ) Геологический факультет
Sumari:В учебнике рассмотрены предмет, задачи и главные разделы металлогении. На основе современных теорий образования и эволюции Земли описаны закономерности формирования металлогенических провинций и глобальных поясов на нашей планете. Дана количественная оценка рудного потенциала земной коры на разных этапах се развития. С учетом новых концепций глубинной петролого-геохимической дифференциации вещества Земли охарактеризованы процессы первичного грандиозного пика рудообразования в раннем докембрии и оценены масштабы рециклинга минерального вещества в последующей геологической истории. Дан анализ эволюционной металлоге­нии основных типов месторождений полезных ископаемых. С позиции концепции тектоники литосферных плит рассмотрены основные про­лемы региональной, исторической, специальной и прикладной металлогении.
Idioma:rus
Publicat: Москва, КДУ, 2014
Edició:2-е изд., испр. и доп.
Matèries:
Format: Llibre
KOHA link:https://koha.lib.tpu.ru/cgi-bin/koha/opac-detail.pl?biblionumber=258112

MARC

LEADER 00000nam0a2200000 4500
001 258112
005 20231101233251.0
010 |a 9785982278425 
035 |a (RuTPU)RU\TPU\book\280950 
035 |a RU\TPU\book\230111 
090 |a 258112 
100 |a 20120301d2014 m y0rusy50 ca 
101 0 |a rus 
102 |a RU 
105 |a a j 001zy 
200 1 |a Металлогения  |e учебник  |f В. И. Старостин  |g Московский государственный университет им. М. В. Ломоносова (МГУ), Геологический факультет 
205 |a 2-е изд., испр. и доп. 
210 |a Москва  |c КДУ  |d 2014 
215 |a 560 с.  |c ил. 
320 |a Библиогр.: с. 552. 
320 |a Указатель провинций, металлогенических поясов, рудных полей и месторождений: с. 553-559. 
330 |a В учебнике рассмотрены предмет, задачи и главные разделы металлогении. На основе современных теорий образования и эволюции Земли описаны закономерности формирования металлогенических провинций и глобальных поясов на нашей планете. Дана количественная оценка рудного потенциала земной коры на разных этапах се развития. С учетом новых концепций глубинной петролого-геохимической дифференциации вещества Земли охарактеризованы процессы первичного грандиозного пика рудообразования в раннем докембрии и оценены масштабы рециклинга минерального вещества в последующей геологической истории. Дан анализ эволюционной металлоге­нии основных типов месторождений полезных ископаемых. С позиции концепции тектоники литосферных плит рассмотрены основные про­лемы региональной, исторической, специальной и прикладной металлогении. 
606 1 |a Металлогения  |2 stltpush  |3 (RuTPU)RU\TPU\subj\42411  |9 62078 
610 1 |a Земля 
610 1 |a развитие 
610 1 |a геотектонические основы 
610 1 |a месторождения полезных ископаемых 
610 1 |a черные металлы 
610 1 |a цветные металлы 
610 1 |a редкие металлы 
610 1 |a благородные металлы 
610 1 |a урановые месторождения 
610 1 |a кимберлитовые месторождения 
610 1 |a карбонатитовые месторождения 
610 1 |a минеральные ресурсы 
610 1 |a поиски 
610 1 |a прогноз 
610 1 |a оценка 
610 1 |a докембрий 
610 1 |a платформенный чехол 
610 1 |a региональная металлогения 
610 1 |a учебники 
675 |a 553.078(075.8)  |v 3 
700 1 |a Старостин  |b В. И.  |g Виктор Иванович 
712 0 2 |a Московский государственный университет им. М. В. Ломоносова (МГУ)  |b Геологический факультет  |2 stltpush  |3 (RuTPU)RU\TPU\col\7 
801 1 |a RU  |b 63413507  |c 20140423 
801 2 |a RU  |b 63413507  |c 20150702  |g RCR 
900 |a Металлогения и структура рудных полей 
942 |c BK 
951 |b 020700  |l 8.3 
959 |a 60/20140403  |d 5  |e 532,40  |f ЧЗТЛ:1  |f АНЛ:1  |f УФ:3